000
00194nam a2200085 4500
001
1258566
005
20260312194353.0
245
_a
İKİ SATIR KONUŞMAK
_c
ELİF GÜNEŞ
260
_b
MORENA YAYINLARI
999
_c
1258566
_d
1258566